000
00313nam a2200133Ia 4500
008
150201s2008 xx 000 0 und d
082
_a
611
_b
A08V
100
_a
VISHRAM,SINGH
245
_a
INSTANT ANATOMY
250
_a
1ST
260
_b
ANE BOOK PUB.
_a
DELHI
_c
2008
650
_a
HUMAN ANATOMY
942
_2
ddc
_c
BK
_0
25
999
_c
926
_d
926